• 首页
  • 本馆介绍
  • 公告通知
  • 最新文献
  • 馆藏检索
  • 电子资源
  • 读者导购
  • 参考咨询
  • 我的图书馆
  • 登录
  • 详细信息显示
  • 放入我的书架
  • 预约/预借图书
  • 作者相关作品
  • 分类相关作品
  • 丛书相关作品
  • 出版社相关作品

书目信息

  • 表格格式
  • 工作单格式
  • 卡片格式
题名:
重写晚明史
    
 
作者: 樊树志 著
分册:   内忧与外患
出版信息: 北京   中华书局  2019
页数: 575页
开本: 22cm
丛书名:
单 册:
中图分类: K248.307
科图分类:
主题词: 晚明--wan ming--历史--研究
电子资源:
ISBN: 978-7-101-13792-7
000 00822nam0 2200253 450
001 2131040988
005 20211031095311.40
010    @a978-7-101-13792-7@dCNY68.00
100    @a20190509d2019 em y0chiy0120 ea
101 0  @achi
102    @aCN@b110000
105    @ay z 000yy
106    @ar
200 1  @a重写晚明史@Achong xie wan ming shi@i内忧与外患@f樊树志著
210    @a北京@c中华书局@d2019
215    @a575页@d22cm
300    @a“重写晚明史”系列
330    @a本书重点书写了崇祯皇帝继位后面临的朝廷内大臣倾轧、朝堂外民众造反,及边关告急、烽火速燃的内忧外患的历史局面。
517 1  @a内忧与外患@Anei you yu wai huan
606 0  @a晚明@Awan ming@x历史@x研究
690    @aK248.307@v5
701  0 @a樊树志@Afan shu zhi@f(1937-)@4著
801  0 @aCN@b百万庄@c20211029
905    @b1312979-982@dK248.307@e171:1@f4
    
    重写晚明史.内忧与外患/樊树志著.-北京:中华书局,2019
    575页;22cm
    “重写晚明史”系列
    
    ISBN 978-7-101-13792-7:CNY68.00
    本书重点书写了崇祯皇帝继位后面临的朝廷内大臣倾轧、朝堂外民众造反,及边关告急、烽火速燃的内忧外患的历史局面。
●
相关链接 在E读中查询图书 在五车中查询图书 在当当中查询图书 在豆瓣中查询图书


正题名:重写晚明史     索取号:K248.307/171:1         预约/预借

序号 登录号 条形码 馆藏地/架位号 状态 备注
1 1312979   213129791   第二样本阅览室/ [索取号:K248.307/171:1] 在馆    
2 1312980   213129808   第二借阅区/ [索取号:K248.307/171:1] 在馆    
3 1312981   213129817   第二借阅区/ [索取号:K248.307/171:1] 在馆    
4 1312982   213129826   第二借阅区/ [索取号:K248.307/171:1] 在馆    
唐山师范学院图书馆 欢迎您!
大连网信软件有限公司© 版权所有